Muslim Majority Countries That Aren't in the Arab League - Statistics

General Stats
  • This quiz has been taken 107 times
  • The average score is 23 of 27
Answer Stats
% Country % Correct
96.5 Pakistan
98%
87.2 Indonesia
96%
98.3 Niger
93%
99.4 Iran
90%
99.2 Turkey
90%
96.5 Uzbekistan
88%
99.7 Afghanistan
87%
70.2 Kazakhstan
87%
90 Kyrgyzstan
87%
≈ 50 Nigeria
87%
96.1 Senegal
87%
98 Tajikistan
87%
58 Chad
86%
95 Mali
86%
61.3 Malaysia
84%
93.3 Turkmenistan
84%
58.8 Albania
83%
96.9 Azerbaijan
82%
61.5 Burkina Faso
81%
90.4 Bangladesh
80%
50.6 Bosnia and Herzegovina
80%
89.1 Guinea
78%
95.6 Kosovo
77%
78.8 Brunei
76%
98.4 Maldives
76%
95.7 Gambia
72%
77.5 Sierra Leone
66%
No matching quizzes found
Score Distribution
Percent of People with Each Score
Percentile by Number Answered
Your Score History
You have not taken this quiz